00297nam a2200121Ia 450000500170000000800410001708200130005810000120007124500270008326000430011030000120015365000100016520250325070642.0240331s9999 xx 000 0 und d bSOMa894 aSomu, M 0aEllai thanda agathigal aTiruchibTamil Kural Pathipakkamc1994 a206 p., aNovel